00529nam a2200169 a 4500020001800000082001500018100002200033245002400055260003600079300000900115500003500124650002600159700002200185942000700207952012800214999001700342 a8186921044 00a181.4bVEE aVeerraju, Gummadi aGandhian Philosophy aNew Delhi bDecent Books c1999 a623p aincludes index and biblioraphy aGandhi M K-Philosophy1 aVeerraju, Gummadi cBK 001040708StackRoom-aHMIbHMId2007-04-12g350.00l5o181.4 VEEp021837r2020-03-03s2020-02-04v350.00w2007-04-12yBK c16282d16282